Economic and business statistics : (Record no. 38761)

MARC details
000 -LEADER
fixed length control field 00822nam a22002177a 4500
005 - DATE AND TIME OF LATEST TRANSACTION
control field 20100802154849.0
010 ## - LCCN (DPL NO)
LC control number ENG-97796
020 ## - INTERNATIONAL STANDARD BOOK NUMBER
International Standard Book Number 9788190879231
Terms of availability 75.00
035 ## - SYSTEM CONTROL NUMBER
System control number EN-81329
037 ## - SOURCE OF ACQUISITION
Source of stock number/acquisition DBAD/PUB
082 ## - DEWEY DECIMAL CLASSIFICATION NUMBER
Classification number 519.5
100 ## - MAIN ENTRY--PERSONAL NAME
Personal name Babu Raj, P.
245 ## - TITLE STATEMENT
Title Economic and business statistics :
Remainder of title for B.A. economics and B.B.A /
Statement of responsibility, etc by P. Babu Raj
260 ## - PUBLICATION, DISTRIBUTION, ETC. (IMPRINT)
Place of publication, distribution, etc Tholayavattam
Name of publisher, distributor, etc Annai Velankanni College
Date of publication, distribution, etc 2009
270 ## - ADDRESS
Address Dept. of Economics, Annai Velankanni College
City Tholayavattam
300 ## - PHYSICAL DESCRIPTION
Extent 139p.
Dimensions 20cm (pbk)
650 ## - SUBJECT ADDED ENTRY--TOPICAL TERM
Topical term or geographic name as entry element Economics - Statistical Method
650 ## - SUBJECT ADDED ENTRY--TOPICAL TERM
Topical term or geographic name as entry element Commercial Statistics
942 ## - ADDED ENTRY ELEMENTS (KOHA)
Source of classification or shelving scheme Dewey Decimal Classification
Item type English Books
Classification part 519.5
Call number suffix BAB
Holdings
Withdrawn status Lost status Not for loan Collection code Home library Current library Date acquired Source of acquisition Cost, normal purchase price Full call number Barcode Copy number Cost, replacement price Koha item type
    Not For Loan Non-fiction D.B.Act.Division D.B.Act.Division 02/08/2010 DBAD/PUB 75.00 519.5 BAB EN-81329 1 75.00 English Books

© Delhi Public Library
Hit Counter
free hit counter